La prejudicialidad en el proceso civil

Bibliographic Details
Main Author: Reynal Querol, Nr︢ia
Other Authors: Cachn̤ Cadenas, Manuel (prol)
Format: Unknown
Language:Spanish
Published: Barcelona : BOSCH EDITOR, 2006
Subjects:
Online Access:Acceso restringido

MARC

LEADER 00000ny a22000003n 4500
005 2011062800180.0
006 m u
007 cr cn|||||||||
008 200805r20062008sp |||||s|||||||||||spa d
020 |a 9788476987575 
035 |a 1993 
040 |a FlNmELB  |c FlNmELB  |d vLex 
050 1 4 |a K2205.6  |b R459 2006eb 
080 |a 347.91/95 
090 |c 1161  |d 1161 
100 1 |a Reynal Querol, Nr︢ia 
245 1 3 |a La prejudicialidad en el proceso civil  |h [Recurso electrn̤ico]  |c Nr︢ia Reynal Querol; prologuista, Manuel Cachn̤ Cadenas 
256 |a Servicio en ln̕ea 
260 |a Barcelona :  |b BOSCH EDITOR,  |c 2006 
300 |a 9-564 p 
506 1 |a Contenido solo disponible en los productos indicados  |d vLex Global  |d vLex Global (Academic Edition, excluding Law Schools)  |d vLex Global (U.S. Academic Edition, Law Schools)  |d vLex Global (U.S. Academic Edition, excluding Law Schools)  |d vLex Global (Academic Edition, Law Schools) 
650 0 7 |a Prejudicialidad  |2 Tesauro vLex 
650 0 7 |a Penal  |2 Tesauro vLex 
650 0 7 |a Prejuicio  |2 Tesauro vLex 
650 0 7 |a Proceso civil  |2 Tesauro vLex 
700 1 |a Cachn̤ Cadenas, Manuel,   |e prol 
740 0 |a vLex Libros (Servicios en ln̕ea) 
856 4 0 |u http://vlex.com/source/1993  |z Acceso restringido 
942 |c BOOK